Devinez le snap français - Statistiques

Statistiques générales
  • Ce quiz a été pris 306 fois
  • Le résultat moyen est 6 sur 21
Statistiques - réponses
Par images Réponse % Correct
Il a eu 0/20
73%
Wola je suis bloqué
70%
Je viens de croiser un menteur là je m'assois tellement c'est trop
65%
0 soucis quelle belle journée
63%
J'ai perdu la bagarre...
37%
Les affaires sont les affaires !
37%
sa doit bz severe
30%
tous ces gens sont partis voir le gros caca là
28%
Affronte mon regard
27%
Qui le connaît ???
27%
haha peut-être que jbande on sait pas hein
22%
C'est l'heure de la bagarre
20%
fc chretien vs fc musulman l'équipe qui perd elle se convertit
17%
J'ai gagné la bagarre
15%
Pied d'appui impeccable
9%
Il veut planter un mec ou koi
7%
vieux reste chez toi 50 ans il tient encore le rainté
5%
y'a pas à avoir envie de mougou comme ça
5%
Il avait des choses à dire hein
3%
J'ai pas fait Evry - Bruxelles pour rien
2%
Mddr il vx grv gouter
2%
Aucun quiz correspondant
Distribution des résultats
% des personnes avec chaque résultat
Percentile par nombre de réponses
Votre historique - résultats
Vous n’avez pas pris ce quiz